00514nam a2200121Ia 4500008004100000020002200041100002500063245017500088260003800263300002500301650002700326650003900353200909s9999 xx 000 0 und d a978-621-04-0103-5 aPawilen, Greg Tabios cGreg Tabios Pawilen, Ericson M. Reyes, John Amiel A. Rivera, Trixie Marie J. SisonaThe School community and the community, school culture, and organizational leadership/ aQuezon City:bREX Bookstorec2019 avi, 99 pagesc25 cm. aEducational leadership aSchool management and organization